The lies of George W. Bush : mastering the politics of deception /

Bibliographic Details
Main Author: Corn, David
Format: Book
Language:English
Published: New York : Crown Publishers, [2003]
Edition:1st ed.
Subjects:

MARC

Tag First Indicator Second Indicator Subfields
LEADER 00000pam a2200000 a 4500
001 in00001792921
005 20151025112257.0
008 030818s2003 nyu b 001 0deng
010 |a  2003018347 
020 |a 1400050669 
020 |a 1400050677 (trade pbk.) 
035 |a (OCoLC)ocm52901320 
040 |a DLC  |c DLC  |d UtOrBLW 
043 |a n-us--- 
049 |a TXAM 
050 0 0 |a E903.3  |b .C67 2003 
082 0 0 |a 973.931/092  |2 22 
100 1 |a Corn, David. 
245 1 4 |a The lies of George W. Bush :  |b mastering the politics of deception /  |c David Corn. 
250 |a 1st ed. 
264 1 |a New York :  |b Crown Publishers,  |c [2003] 
264 4 |c ©2003 
300 |a ix, 337 pages ;  |c 25 cm. 
336 |a text  |b txt  |2 rdacontent 
337 |a unmediated  |b n  |2 rdamedia 
338 |a volume  |b nc  |2 rdacarrier 
504 |a Includes bibliographical references and index. 
600 1 0 |a Bush, George W.  |q (George Walker),  |d 1946-  |x Ethics. 
651 0 |a United States  |x Politics and government  |y 2001-2009. 
650 0 |a Deception  |z United States. 
945 |i PromptCat 
948 |a cataloged  |b h  |c 2003/10/30  |d c  |e dmitchel  |f 8:30:20 am 
994 |a 92  |b TXA 
999 |a MARS 
999 f f |s a4c8e2b7-1703-37aa-81ea-1306c754b6a0  |i df8be9bb-e717-3d0a-a86e-021872121da9  |t 0 
952 f f |p ric  |a Texas A&M University  |b Rellis Campus  |c Joint Library Facility  |d Remote Storage  |t 0  |e E903.3 .C67 2003  |h Library of Congress classification  |i unmediated -- volume  |m A14830740051 
998 f f |a E903.3 .C67 2003  |t 0  |l Remote Storage